00704nam a2200241 a 4500001001300000003000900013005001700022008004100039020000900080082001500089100001900104245003400123260004300157300000900200500003500209505002400244650002000268700001900288902000800307942000700315952012500322999001500447nice12345678IN_TiNIC20260116011654.0050524s1977 newa grp 000 0 eng  ac5500a297.8bBAH aBahadur, Kalim aJama`at-I-Islami of Pakistan. aNew DelhibChetnana Publicationsc1977 a228p aincludes index and biblioraphy2 aBibliography, index aJamaat-E-Islami1 aBahadur, Kalim bSRS cBK 001040708StackRoom-aHMIbHMId2007-07-13g55.00l2o297.8 BAHp09681r2017-03-21s2017-03-03v55.00w2005-05-24yBK c3298d3298